000
00252nam a2200097Ia 4500
008
240331s9999 xx 000 0 und d
082
_b
DEL
100
_a
De Lanerolle, N
245
2
_a
A reign of ten kings :
_b
Sri Lanka-the world 500 BC - 1200AD
942
_c
L
999
_c
3541
_d
3541